| 000 | 01505cam a22003977a 4500 | ||
|---|---|---|---|
| 003 | CHAP | ||
| 005 | 20220329142023.0 | ||
| 008 | 990304d1998 mx r 00110 spa d | ||
| 010 | _a77167 | ||
| 011 | _a78139 | ||
| 035 | _a87991 | ||
| 040 | _cCHAP | ||
| 090 | _aTesis | ||
| 100 | 0 | 0 |
_aLechuga Flor, María Magdalena. _965482 |
| 245 | 1 | 0 |
_aDesarrollo de un medio de cultivo para la propagación de Aschersonia Spp. Beauveria bassiana y Paecilomyces fumosoroseus _c/por Ma. Magdalena Lechuga Flor |
| 260 |
_aChapingo, Méx. : _bEl autor, _c1998 |
||
| 300 |
_a35 h. ; _bgráfs. ; cuadros |
||
| 502 | _aTesis (Ing. Agr. en Sistemas Agrícolas de Zonas Aridas) -- UACH. Departamento de Zonas Aridas | ||
| 590 |
_aALEPH _b10 _c20130110 _lUCH01 _h1428 |
||
| 590 |
_aBATCH-UPD _b10 _c20130110 _lUCH01 _h0028 |
||
| 590 |
_aBATCH-UPD _b10 _c20130110 _lUCH01 _h0757 |
||
| 590 |
_aBATCH-UPD _b10 _c20130110 _lUCH01 _h2356 |
||
| 590 |
_aBATCH-UPD _b10 _c20130410 _lUCH01 _h0436 |
||
| 590 |
_aBATCH-UPD _b10 _c20130914 _lUCH01 _h0417 |
||
| 590 |
_aCONVERSION _b10 _c20130109 _lUCH01 _h1342 |
||
| 650 | 1 | 4 |
_aAschersonia. _97873 |
| 650 | 1 | 4 |
_aBacterias _xCultivos y medios de cultivo. _99319 |
| 650 | 1 | 4 |
_aBeauveria bassiana. _911099 |
| 650 | 1 | 4 |
_aPaecilomyces. _984699 |
| 901 | _aBK | ||
| 905 | _aMayto Villalobos. S. | ||
| 942 | _cFOLL | ||
| 949 |
_bBC _cTES _d33724000714465 _eTS2 _fc.2 _h33713 _i87991 _sb |
||
| 949 |
_bBC _cTES _d33724000747820 _eTS2 _fc.3 _h35866 _i87991 _sb |
||
| 949 |
_bBC _cTES _d879911 _eTS1 _h33712 _i87991 _sb |
||
| 999 |
_c77167 _d77167 |
||